1308 1673 1595 1045 1747 1483 1798 1133 1714 1343 1270 1767 1372 1071 1499 1561 1618 1395 1763 1822 1036 1519 1860 1123 1133 1383 1670 1032 1067 1864 1606 1374 1659 1438 1209 1930 1565 1080 1100 2000 1670 1638 1531 1383 1775 1165 1671 1605 1308 1751 1303 1765 1128 1293 1049 1463 1675 1059 1772 1805 1690 1927 1510 1691 1575 1336 1121 1746 1946 1479 1332 1714 1043 1213 1216 1362 1989 1266 1821 1316 1398 1273 1753 1769 1058 1694 1189 1398 1182 1048 1630 1304 1699 1116 1528 1915 1084 1445 1207 BCNSPRNW ULIB Ver.6.0+V

เปลี่ยนเป็นภาษาไทย

Change to English
 แสดงรายละเอียดบรรณานุกรม
  กลับหน้าหลัก

Brief Record : Get Marc (ISO 2709) : E-mail record : QR code < ปิดหน้าต่าง
LEADER : 00000nam 2200000uu 4500
001    13399120876
003     ULIB
008    121022s2552||||th 000 0 tha d
099    วจ.WS103^bธ229ป
100 0  ธนัชฌา ภัยพยบ
245 00 ประสิทธิผลและความาพึงพอใจในการใช้โปรแกรมคอมพิวเตอร์เพื่อประเมินพัฒนาการเด็ก/^cธนัชฌา ภัยพยบ
246 0  Effectiveness and satisfaction of using computer program to assess child development
260    นครสวรรค์:^bวิทยาลัยพยาบาลบรมราชชนนี สวรรค์ประชารักษ์ นครสวรรค์,^c2552
300    104 แผ่น
650  7 ศูนย์ศึกษาเด็กวิทยาลัยพยาบาลบรมราชชนนี สวรรค์ประชารักษ์ นครสวรรค์,^xวิจัย
650  4 พัฒนาการเด็ก^xวิจัย
945    ^p0^l0^i032856
945    ^p0^l0^i033058
995    เกษร
999    ^aใช้งานได้ทุกระบบ
รายการนี้ยังไม่มีแท็ก
คุณยังไม่ได้ล็อกอิน คุณสามารถมีกิจกรรมร่วมกับเว็บไซต์ได้ แต่ต้องล็อกอินก่อน ::
  ล็อกอิน

รายการสื่อสารสนเทศ

ลำดับที่ ประเภท เลขเรียก/บาร์โค้ด สถานที่ สถานะ
1. งานวิจัย
งานวิจัย
วจ.WS103 ธ229ป  
  Barcode: 032856
ห้องสมุดวิทยาเขตสวรรค์ประชารักษ์
►วิจัย
บนชั้น
2. งานวิจัย
งานวิจัย
วจ.WS103 ธ229ป ฉ.2 
  Barcode: 033058
ห้องสมุดวิทยาเขตสวรรค์ประชารักษ์
►วิจัย
บนชั้น

รายการใกล้เคียง
    ผู้แต่ง [ธนัชฌา ภัยพยบ]

BibComment


ยังไม่เคยถูกคอมเมนท์

คอมเมนท์ทรัพยากรรายการนี้
  คอมเมนท์: ประสิทธิผลและความ..


 Copyright 2026. Bcnsprnw @Library